Фотографията на ХХ век (Запис номер 99168)
[ съкратено ]
| 000 -Лидер | |
|---|---|
| Контролно поле с фиксирана дължина | 01403nam a2200373 c 4500 |
| 003 - Код на организацията, давaща контролен номер | |
| Контролно поле | BLK |
| 005 - Дата и час на последна редакция | |
| Контролно поле | 20180420225919.0 |
| 008 - Елементи от данни с фиксирана дължина | |
| fixed length control field | 180409b bul|||||r ||||||| ||bul|| |
| 010 ## - Наследен системен номер | |
| LC control number | KNG00104167000 |
| 020 ## - Международен стандартен номер на книга ISBN | |
| Международен стандартен номер на книга ISBN | 954-9817-15-6 |
| -- | издат.: Алианс-97 |
| 040 ## - Източник на каталожния запис | |
| Идентификатор на билиотеката - собственик на записа | BLK |
| 041 ## - Код за език | |
| Код за езика на текст/звукозапис или на отделно заглавие | Български |
| Код за езика КДБФ | Български |
| 080 ## - УДК | |
| Текстов определител УДК | Фотография. Кинематография |
| УДК код - определител по УДК | 77 |
| УДК определител | "19"(100)(035)(092) |
| УДК - код + определител | 77"19"(100)(035)(092) |
| 080 ## - УДК | |
| Текстов определител УДК | Биографии |
| УДК код - определител по УДК | 929 |
| УДК определител | (100) |
| УДК - код + определител | 929(100) |
| 139 ## - Редно поле | |
| Редна дума | Фотографията на ХХ век |
| Авторски знак | Фот - Ф 74 |
| 245 10 - Сведения за заглавието | |
| Заглавие | Фотографията на ХХ век |
| Подзаглавни данни | Музей Лудвиг Кьолн |
| Редно поле (дума) | прев. от нем. Кристин Миркова Разсолкова; предг. от Рейнхолд Миселбек. |
| 257 ## - Страна на издаване | |
| Страна на създаване/издаване | Германия |
| 260 ## - Област на издателските данни | |
| -- | София |
| Име на издателя, разпространителя и проч. | Алианс-97 |
| Година на издаване | 2002 |
| 300 ## - Физическа характеристика | |
| Страници | 192 с. |
| Илюстрации и др. | със сн. |
| Размери/Мащаб | 19 см |
| 380 ## - Жанр | |
| Жанр | Изкуство |
| 490 1# - СЕРИИ (Колекции) | |
| Име на серия | ICONS |
| 650 #4 - Допълнително описание по предмет – тема | |
| Основно описание – тема или топоним | Фотография |
| 9 (RLIN) | 175953 |
| 650 #4 - Допълнително описание по предмет – тема | |
| Основно описание – тема или топоним | Фотографи |
| 9 (RLIN) | 175947 |
| 653 ## - Ключова дума – ненормативна | |
| Ключова дума | фотография |
| 653 ## - Ключова дума – ненормативна | |
| Ключова дума | ХХ в. |
| 653 ## - Ключова дума – ненормативна | |
| Ключова дума | справочници |
| 700 1# - Други автори (авторска отговорност) | |
| Лично име | Разсолкова, Кристин Миркова |
| Автороска отговорност (Описва отношението между автора и произведението) | прев. от нем. |
| 9 (RLIN) | 114510 |
| 700 1# - Други автори (авторска отговорност) | |
| Лично име | Миселбек, Рейнхолд |
| Автороска отговорност (Описва отношението между автора и произведението) | предг. от |
| 9 (RLIN) | 96930 |
| 852 ## - Местоположение | |
| Форматна сигнатура | Цб 213100 |
| 856 4# - Електронен адрес и достъп | |
| Електронен формат | pdf - файл |
| Път до файла /url/ | |
| 856 4# - Електронен адрес и достъп | |
| Електронен формат | pdf - файл |
| Път до файла /url/ | |
| 942 ## - АРТИКУЛИ | |
| Вид на библиотечния материал | Книги |
| Скрит в OPAC | Не |
| 944 ## - СЪЗДАВАНЕ И РЕДАКЦИЯ на ЗАПИСА | |
| Създаване/Редакция | Създаване |
| Дата на регистрацията/редакция | 01.01.2002 |
| Служител, извършил регистрацията/редакцията | Ирена_Линкова |
| 944 ## - СЪЗДАВАНЕ И РЕДАКЦИЯ на ЗАПИСА | |
| Създаване/Редакция | Редакция |
| Дата на регистрацията/редакция | 17.01.2012 |
| Служител, извършил регистрацията/редакцията | |
| 999 ## - СИСТЕМНИ КОНТРОЛНИ НОМЕРА | |
| Koha biblionumber | 99168 |
| Koha biblioitemnumber | 99168 |
| Код за отписване | Код за изгубен артикул | Източник на класификационната схема | Код за повреда | Коз за рестрикции | Код за отдаване | Артикулен № | Име на библиотеката - собственик | Име на библиотеката, в която се намира в момента | Статус (Текущо местоположение) | Дата на вписване в системата | Местоположение - отдел | Цена в лева | Инвентарен номер | Систематично азбучна сигнатура | Баркод | Номер на екземпляра | Цена в евро | Служебна бележка | Служебен тип на артикула |
|---|---|---|---|---|---|---|---|---|---|---|---|---|---|---|---|---|---|---|---|
| Не е изгубен | Universal Decimal Classification | Не е повреден | само за читалня | ползва се в читалня | 159774 | Регионална библиотека "Любен Каравелов" Русе | Регионална библиотека "Любен Каравелов" Русе | Хранилище | 2002-11-14 | Основен фонд - ползва се само за читалня | 18.00 | 120000673288 | Цб 298252 | 120000673288 | 1 | 9.20 | Дост: Pk Вид: Ф N: 8596 Дата: 11.11.2002 Дата инв: 15.06.2017 Бележки инв: СИ2017 | Книги |